[Event "TUR-chT 1st League"]
[Site "Denizli"]
[Date "2023.07.13"]
[Round "7.86"]
[White "Demirtas, Alper"]
[Black "Atalay, Mehmet Yekta"]
[Result "1-0"]
[WhiteElo "1888"]
[BlackElo "1177"]
[PlyCount "55"]
[EventDate "2023.07.09"]
[EventType "team-swiss"]
[EventRounds "9"]
[EventCountry "TUR"]
[SourceTitle "CBM 215 Extra"]
[Source "ChessBase"]
[SourceDate "2023.09.30"]
[SourceVersion "1"]
[SourceVersionDate "2023.09.30"]
[SourceQuality "1"]
[WhiteTeam "Karsiyaka Ihtisas"]
[BlackTeam "Salihli Sardes"]
[WhiteTeamCountry "TUR"]
[BlackTeamCountry "TUR"]

1. Nf3 d5 2. c4 c6 3. d4 Nf6 4. Qc2 e6 5. g3 Be7 6. Bg2 Nbd7 7. 0-0 0-0 8. Nbd2 b6 9. e4 dxe4 10. Nxe4 Nxe4 11. Qxe4 Bb7 12. Rd1 Nf6 13. Qc2 Qc8 14. c5 Rd8 15. Bg5 h6 16. Bxf6 Bxf6 17. Ne5 Bxe5 18. dxe5 Qc7 19. Rd6 Rac8 20. Rc1 Rxd6 21. cxd6 Qd7 22. Qa4 a6 23. g4 b5 24. Qd4 Ba8 25. a4 Kh8 26. axb5 axb5 27. Qc5 Kg8 28. Ra1 1-0

[Event "TUR-chT 1st League"]
[Site "Denizli"]
[Date "2023.07.12"]
[Round "6.46"]
[White "Atik, Muhammed Ihsan"]
[Black "Demirtas, Alper"]
[Result "1/2-1/2"]
[WhiteElo "1516"]
[BlackElo "1888"]
[PlyCount "60"]
[EventDate "2023.07.09"]
[EventType "team-swiss"]
[EventRounds "9"]
[EventCountry "TUR"]
[SourceTitle "CBM 215 Extra"]
[Source "ChessBase"]
[SourceDate "2023.09.30"]
[SourceVersion "1"]
[SourceVersionDate "2023.09.30"]
[SourceQuality "1"]
[WhiteTeam "Olbia Satranc"]
[BlackTeam "Karsiyaka Ihtisas"]
[WhiteTeamCountry "TUR"]
[BlackTeamCountry "TUR"]

1. d4 d5 2. c4 e6 3. Nf3 Nf6 4. g3 Be7 5. Bg2 0-0 6. 0-0 b6 7. cxd5 exd5 8. Bf4 c5 9. dxc5 bxc5 10. Ne5 Be6 11. Nc3 a5 12. Qb3 Ra6 13. Rfd1 d4 14. Qc2 Qc8 15. Na4 Nd5 16. Bd2 Nd7 17. Nxd7 Qxd7 18. Rac1 Rc8 19. b3 Qa7 20. Qd3 Nb6 21. Nxb6 Rxb6 22. e3 Rd6 23. exd4 Rxd4 24. Qc2 a4 25. Be3 axb3 26. axb3 Rb4 27. Bd5 Bxd5 28. Rxd5 Qb7 29. Qd1 h6 30. Bxc5 Bxc5 1/2-1/2

[Event "EU-ch U14 30th"]
[Site "Antalya"]
[Date "2022.11.13"]
[Round "8"]
[White "Demirtas, Alper"]
[Black "Podolskyi, Mykhailo"]
[Result "0-1"]
[WhiteElo "1840"]
[BlackElo "2150"]
[PlyCount "78"]
[EventDate "2022.11.06"]
[EventType "swiss"]
[EventRounds "9"]
[EventCountry "TUR"]
[SourceTitle "CBM 211 Extra"]
[Source "ChessBase"]
[SourceDate "2023.01.31"]
[SourceVersion "1"]
[SourceVersionDate "2023.01.31"]
[SourceQuality "1"]

1. c4 c6 2. Nf3 d5 3. d4 Nf6 4. Qc2 dxc4 5. Qxc4 Bf5 6. g3 e6 7. Bg2 Be7 8. 0-0 0-0 9. e3 Nbd7 10. Qe2 Qa5 11. Rd1 e5 12. Nc3 e4 13. Nd2 Bg4 14. f3 exf3 15. Nxf3 Bb4 16. Bd2 Rfe8 17. h3 Bh5 18. e4 Bxc3 19. Bxc3 Qb6 20. g4 Nxe4 21. Qf1 Bg6 22. Nh4 Re6 23. Nxg6 hxg6 24. Bxe4 Rxe4 25. Re1 Rae8 26. Rxe4 Rxe4 27. Re1 Rxe1 28. Qxe1 Qd8 29. d5 cxd5 30. Qe3 a6 31. Kg2 Nf8 32. Qa7 Qc8 33. Qf2 Ne6 34. Qd2 Qc4 35. b3 Qe4+ 36. Kg3 d4 37. Bb2 f5 38. Qc1 f4+ 39. Kf2 Qe3+ 0-1

[Event "EU-ch U14 30th"]
[Site "Antalya"]
[Date "2022.11.12"]
[Round "7"]
[White "Mattenberger, Matthias"]
[Black "Demirtas, Alper"]
[Result "0-1"]
[WhiteElo "2087"]
[BlackElo "1840"]
[PlyCount "54"]
[EventDate "2022.11.06"]
[EventType "swiss"]
[EventRounds "9"]
[EventCountry "TUR"]
[SourceTitle "EXT 2024"]
[Source "ChessBase"]
[SourceDate "2023.10.10"]
[SourceVersion "1"]
[SourceVersionDate "2023.10.10"]
[SourceQuality "1"]

1. d4 d5 2. c4 e6 3. Nc3 Nf6 4. cxd5 exd5 5. Bg5 Nbd7 6. e3 c6 7. Bd3 Be7 8. Qc2 Nh5 9. Bxe7 Qxe7 10. Nge2 g6 11. 0-0 0-0 12. Rfe1 Re8 13. Nc1 Nf8 14. f3 Ne6 15. g4 Nhg7 16. Qf2 b6 17. f4 f5 18. h3 Kh8 19. Kh2 Nc7 20. Rg1 c5 21. g5 Kg8 22. Bc2 c4 23. a4 a6 24. N1a2 b5 25. axb5 axb5 26. b4 Bb7 27. Qd2 Bc6 0-1

[Event "Kesan op"]
[Site "Kesan"]
[Date "2022.08.04"]
[Round "4"]
[White "Temizer, Umut"]
[Black "Demirtas, Alper"]
[Result "0-1"]
[WhiteElo "2064"]
[BlackElo "1757"]
[PlyCount "138"]
[EventDate "2022.08.02"]
[EventType "swiss"]
[EventRounds "9"]
[EventCountry "TUR"]
[SourceTitle "CBM 209 Extra"]
[Source "ChessBase"]
[SourceDate "2022.09.30"]
[SourceVersion "1"]
[SourceVersionDate "2022.09.30"]
[SourceQuality "1"]

1. d4 d5 2. c4 e6 3. Nf3 Nf6 4. Nc3 Be7 5. Bg5 Nbd7 6. e3 c6 7. Rc1 0-0 8. a3 Ne4 9. Bxe7 Qxe7 10. Bd3 Nxc3 11. Rxc3 dxc4 12. Rxc4 e5 13. dxe5 Nxe5 14. Nxe5 Qxe5 15. Qc2 h6 16. 0-0 Be6 17. Rc5 Qf6 18. f4 Rad8 19. Kh1 Rfe8 20. Rc3 Bc8 21. e4 Rd4 22. e5 Qh4 23. Bh7+ Kh8 24. Be4 Be6 25. Kg1 Bd5 26. Bxd5 Rxd5 27. Rd3 Red8 28. Rxd5 Rxd5 29. h3 Qd8 30. Rf2 Qd7 31. Kh2 c5 32. Qc3 b6 33. Qf3 Rd4 34. f5 Qd5 35. Qxd5 Rxd5 36. Re2 Kg8 37. g4 Kf8 38. f6 g6 39. Kg3 Rd3+ 40. Kf4 Rxh3 41. Rd2 Ke8 42. Ke4 Rg3 43. e6 fxe6 44. Ke5 Rxg4 45. Rd6 Rg2 46. Rxe6+ Kf8 47. Rc6 Re2+ 48. Kd6 Kf7 49. Rc7+ Kxf6 50. Rxa7 Rxb2 51. a4 c4 52. Kd5 c3 53. Rc7 c2 54. Kd4 Ra2 55. Kd3 Rxa4 56. Kxc2 Rb4 57. Kc3 Rb1 58. Rh7 h5 59. Kd4 Re1 60. Rb7 Re6 61. Kd5 b5 62. Rb8 Re1 63. Kd4 h4 64. Rxb5 g5 65. Kd3 h3 66. Rb6+ Kf5 67. Rh6 g4 68. Kd2 Re8 69. Rh5+ Kf4 0-1

[Event "Mersin op 5th"]
[Site "Mersin"]
[Date "2021.11.20"]
[Round "8"]
[White "Garayev, Ilyas"]
[Black "Demirtas, Alper"]
[Result "0-1"]
[WhiteElo "1760"]
[BlackElo "1644"]
[PlyCount "110"]
[EventDate "2021.11.16"]
[EventType "swiss"]
[EventRounds "9"]
[EventCountry "TUR"]
[SourceTitle "EXT 2023"]
[Source "ChessBase"]
[SourceDate "2022.10.05"]
[SourceVersion "1"]
[SourceVersionDate "2022.10.05"]
[SourceQuality "1"]

1. e4 e6 2. d4 d5 3. Bd3 dxe4 4. Bxe4 Nf6 5. Bf3 Nbd7 6. Ne2 Bd6 7. 0-0 0-0 8. c4 c6 9. Nbc3 h6 10. Be3 e5 11. Ng3 Re8 12. d5 c5 13. Nb5 Nb6 14. Qc2 a6 15. Nxd6 Qxd6 16. b4 Nbd7 17. Nf5 Qf8 18. d6 e4 19. Ne7+ Rxe7 20. dxe7 Qxe7 21. Be2 cxb4 22. Rad1 b6 23. Bd4 Bb7 24. f3 Rc8 25. Qb2 exf3 26. Bxf3 Bxf3 27. Rxf3 Rxc4 28. Rfd3 b5 29. Qf2 Rc8 30. Qf5 Qe4 31. Qxe4 Nxe4 32. Be3 Ndf6 33. a3 bxa3 34. Rxa3 Rc6 35. Rda1 Nd5 36. Bd4 Nb4 37. Re3 Nd6 38. Rd1 Nc4 39. Rg3 f6 40. Bc3 Na2 41. Rd8+ Kf7 42. Bd4 Rc7 43. Rb3 Nc1 44. Rb1 Ke7 45. Rd5 Ne2+ 46. Kf2 Nf4 47. Re1+ Kf7 48. Rd8 Nd3+ 49. Kf1 Nxe1 50. Kxe1 a5 51. Rb8 b4 52. Rb5 Na3 53. Rd5 Nc2+ 54. Kd2 Ke6 55. Rd8 Nxd4 0-1